000 00233nam a22000857a 4500
008 160818b xxu||||| |||| 00| 0 eng d
100 _9174
_aGarner J
245 _aExploring Art activity
260 _aNew Delhi
_bRachna Sagar publication
_c2009
999 _c2832
_d2832